| 000 | 01158nam a2200241Ia 4500 | ||
|---|---|---|---|
| 999 |
_c37975 _d37975 |
||
| 001 | 3958 | ||
| 003 | GE_BSU | ||
| 005 | 20190916115738.0 | ||
| 008 | 181216s1990||||ge |||||||||||||| ||geo|| | ||
| 040 | _cGE_BSU | ||
| 041 | _ageo | ||
| 080 | _a355 მ–15 | ||
| 100 |
_aმათიკაშვილი, ნ. _94017 |
||
| 245 |
_aიუნკრები / _cშესავ. წერილის ავტ. და რედ.: ო. ჟორდანია. |
||
| 264 |
_aთბ. : _bმეცნიერება, _c1990. |
||
| 300 |
_a50 გვ. ; _b21 სმ. |
||
| 490 | _aმაცნეს ბიბლიოთეკა :ისტორიის სერია | ||
| 653 | _aსაქართველოს ანექსია რუსეთის მიერ | ||
| 653 | _aსაბჭოთა ხელისუფლების დამყარება საქართველოში, 1921 წლის 21 თებერვალი | ||
| 700 |
_aკვალიაშვილი, მ. _eავტორი _94018 |
||
| 700 |
_a ჟორდანია, ო. _eრედაქტორი _94019 |
||
| 942 |
_cBK _2udc |
||